000
00234nam a22000857a 4500
008
161124b xxu||||| |||| 00| 0 eng d
100
_9
1397
_a
Young Learners
245
_a
Sleeping Beauty
260
_a
New Delhi
_b
Young Learners publicaton
_c
2011
999
_c
4113
_d
4113